000 00627nam a2200253Ia 4500
003 OSt
005 20221007104654.0
006 a|||||r|||| 00| 0
007 ta
008 221006b |||||||| |||| 00| 0 hin d
024 _a16,511
037 _cTextual
040 _aLCO
_cLCO
_bhin
041 _2hin
_ahin
082 _aZ(Q2), P4
100 _aAggarwal R.K
_9127391
245 0 _aHindu Vidhi
250 _a2nd
260 _aAllahabad
_bCentral Law Agency India
_c2004
300 _a394
650 _aHINDU VIDHI
_9702735
942 _hZ(Q2), P4
_cTEXL
999 _c1186074
_d1186074